ბათუმის შოთა რუსთაველის სახელმწიფო უნივერსიტეტის ბიბლიოთეკა

ლევარსი როხროხაძე (ბიბ.ჩანაწერი № 49080)

000 -LEADER
fixed length control field 00838nam a2200229Ia 4500
001 - CONTROL NUMBER
control field 15987
003 - CONTROL NUMBER IDENTIFIER
control field GE_BSU
008 - FIXED-LENGTH DATA ELEMENTS--GENERAL INFORMATION
fixed length control field 181216s||||||||xx |||||||||||||| ||und||
040 ## - CATALOGING SOURCE
Transcribing agency GE_BSU
080 ## - UNIVERSAL DECIMAL CLASSIFICATION NUMBER
Universal Decimal Classification number 821.353.1-7
100 ## - MAIN ENTRY--PERSONAL NAME
Personal name ხინველი, ისაკი
245 ## - TITLE STATEMENT
Title ლევარსი როხროხაძე
245 ## - TITLE STATEMENT
Remainder of title იუმორ. მოთხრობები და ლექსები
245 ## - TITLE STATEMENT
Statement of responsibility, etc. რედ.ნ.კანდელაკი. მხ.ნ.ხინველი
260 ## - PUBLICATION, DISTRIBUTION, ETC.
Place of publication, distribution, etc. თბილისი
260 ## - PUBLICATION, DISTRIBUTION, ETC.
Name of publisher, distributor, etc. საბჭ. საქართველო
260 ## - PUBLICATION, DISTRIBUTION, ETC.
Date of publication, distribution, etc. 1972
300 ## - PHYSICAL DESCRIPTION
Extent 224გვ. ; 17სმ
653 ## - INDEX TERM--UNCONTROLLED
Uncontrolled term იუმორ. მოთხრობები და ლექსები
653 ## - INDEX TERM--UNCONTROLLED
Uncontrolled term ლევარსი როხროხაძე
942 ## - ADDED ENTRY ELEMENTS (KOHA)
Koha item type წიგნი
ეგზემპლარები
Withdrawn status Lost status Damaged status Not for loan Date acquired Barcode Date last seen Price effective from Koha item type
        2018-12-17 39497 2018-12-17 2018-12-17 წიგნი